书目信息 |
| 题名: |
生命的跃升
|
|
| 作者: | 莱恩 著 ;张博然 译 | |
| 分册: | ||
| 出版信息: | 北京 科学出版社 2016.1 |
|
| 页数: | 363页 | |
| 开本: | 23cm | |
| 丛书名: | ||
| 单 册: | ||
| 中图分类: | Q11 | |
| 科图分类: | ||
| 主题词: | 生物--进化--研究 | |
| 电子资源: | ||
| ISBN: | 978-7-03-046428-6 | |
| 000 | 01182nam0 2200277 450 | |
| 001 | 0400003610 | |
| 005 | 20171022103839.0 | |
| 010 | @a978-7-03-046428-6@dCNY48.00 | |
| 100 | @a20171022e20172016em y0chiy ea | |
| 101 | 1 | @achi@ceng |
| 102 | @aCN@b110000 | |
| 105 | @aa z 000yy | |
| 106 | @ar | |
| 200 | 1 | @a生命的跃升@9sheng ming de yue sheng@b专著@e40亿年演化史上的十大发明@dLife ascending@ethe ten great inventions of evolution@f(英)尼克·莱恩著@g张博然译@zeng |
| 210 | @a北京@c科学出版社@d2016.1@h2017.5 | |
| 215 | @a363页@c图@d23cm | |
| 300 | @a混沌沿岸 | |
| 330 | @a本书作者试图解读进化论的十个最伟大“发明”,从生命的原初,经过它的创造期,到它的终结。在整个过程中,会出现很多非同一般的神来之笔,如DNA、光合作用、视力和意识。作者以清晰而智慧的笔调,探究了进化过程中十个最伟大的“发明”。 | |
| 510 | 1 | @aLife ascending@ethe ten great inventions of evolution@zeng |
| 517 | 1 | @a40亿年演化史上的十大发明@940 yi nian yan hua shi shang de shi da fa ming |
| 606 | 0 | @a生物@x进化@x研究 |
| 690 | @aQ11@v5 | |
| 701 | 0 | @c(英)@a莱恩@9lai en@c(Lane, Nick)@4著 |
| 702 | 0 | @a张博然@9zhang bo ran@4译 |
| 801 | 0 | @aCN@b91MARC@c20171022 |
| 905 | @b1036346-50@dQ11@f5@e224 | |
| 生命的跃升:40亿年演化史上的十大发明=Life ascending:the ten great inventions of evolution/(英)尼克·莱恩著/张博然译.-北京:科学出版社,2016.1(2017.5) |
| 363页:图;23cm |
| 混沌沿岸 |
| ISBN 978-7-03-046428-6:CNY48.00 |
| 本书作者试图解读进化论的十个最伟大“发明”,从生命的原初,经过它的创造期,到它的终结。在整个过程中,会出现很多非同一般的神来之笔,如DNA、光合作用、视力和意识。作者以清晰而智慧的笔调,探究了进化过程中十个最伟大的“发明”。 |
| ● |
| 相关链接 |
|
|
|
|
正题名:生命的跃升
索取号:Q11/224
 
预约/预借
| 序号 | 登录号 | 条形码 | 馆藏地/架位号 | 状态 | 备注 |
| 1 | 1036346 | 210363462 | 第二样本阅览室/ [索取号:Q11/224] | 在馆 | |
| 2 | 1036347 | 210363471 | 第三借阅区/ [索取号:Q11/224] | 在馆 | |
| 3 | 1036348 | 210363480 | 第三借阅区/ [索取号:Q11/224] | 在馆 | |
| 4 | 1036349 | 210363499 | 第三借阅区/ [索取号:Q11/224] | 在馆 | |
| 5 | 1036350 | 210363505 | 密集书库-生命科学系/ [索取号:Q11/224] | 在馆 |